Informe anual 2010 : (Record no. 1987)
[ view plain ]
| 000 -LEADER | |
|---|---|
| fixed length control field | 00550nam a22001457a 4500 |
| 008 - FIXED-LENGTH DATA ELEMENTS--GENERAL INFORMATION | |
| fixed length control field | 140411b xxu||||| |||| 00| 0 spa d |
| 082 ## - DEWEY DECIMAL CLASSIFICATION NUMBER | |
| Edition number | 14 |
| Classification number | 323 |
| 245 00 - TITLE STATEMENT | |
| Title | Informe anual 2010 : |
| Remainder of title | violaciones a los derechos humanos en los lugares de detención de la provincia de Buenos Aires. / |
| 260 ## - PUBLICATION, DISTRIBUTION, ETC. (IMPRINT) | |
| Place of publication, distribution, etc | Buenos Aires : |
| Name of publisher, distributor, etc | Comité contra la tortura, |
| Date of publication, distribution, etc | 2010. |
| 300 ## - PHYSICAL DESCRIPTION | |
| Extent | 550 p. |
| 650 #0 - SUBJECT ADDED ENTRY--TOPICAL TERM | |
| 9 (RLIN) | 1105 |
| Topical term or geographic name as entry element | DERECHOS HUMANOS |
| 856 41 - ELECTRONIC LOCATION AND ACCESS | |
| Uniform Resource Identifier | <a href="http://bibliots.trabajosocial.unlp.edu.ar/meran/opac-detail.pl?id1=4073">http://bibliots.trabajosocial.unlp.edu.ar/meran/opac-detail.pl?id1=4073</a> |
| 942 ## - ADDED ENTRY ELEMENTS (KOHA) | |
| Source of classification or shelving scheme | Dewey Decimal Classification |
| Item type | Libro, folleto, traducción |
| 980 ## - EQUIVALENCE OR CROSS-REFERENCE-SERIES STATEMENT--PERSONAL NAME/TITLE [LOCAL, CANADA] | |
| Field link and sequence number | 1943 |
| Miscellaneous information | VALERIA BEATRIZ DOMÍNGUEZ |
| Withdrawn status | Lost status | Source of classification or shelving scheme | Damaged status | Not for loan | Home library | Current library | Date acquired | Full call number | Barcode | Date last seen | Copy number | Price effective from | Koha item type |
|---|---|---|---|---|---|---|---|---|---|---|---|---|---|
| Dewey Decimal Classification | Consultar Disponibilidad | Biblioteca Central | DEPOSITO | 11/04/2014 | 323 INF 2010 | UNAJ14040450 | 23/02/2022 | 1 | 11/04/2014 | Libro, folleto, traducción | |||
| Dewey Decimal Classification | Consultar Disponibilidad | Biblioteca Central | DEPOSITO | 11/04/2014 | 323 INF 2010 | UNAJ14040451 | 23/02/2022 | 2 | 11/04/2014 | Libro, folleto, traducción |